LIBRARY & INFORMATION CENTRE, KCAET, TAVANUR

ONLINE PUBLIC ACCESS CATALOGUE (OPAC)

Post-harvest physiology and storage of tropical and subtropical fruits (Record no. 14099)

MARC details
000 -LEADER
fixed length control field 00303nam a22001097a 4500
020 ## - INTERNATIONAL STANDARD BOOK NUMBER
ISBN 9789350300626
082 ## - DEWEY DECIMAL CLASSIFICATION NUMBER
Classification number 631.56
Item number SIN/PO
100 ## - MAIN ENTRY--AUTHOR NAME
Personal name Singh, D.S
245 ## - TITLE STATEMENT
Title Post-harvest physiology and storage of tropical and subtropical fruits
260 ## - PUBLICATION, DISTRIBUTION, ETC. (IMPRINT)
Place of publication Jaipur
Name of publisher Oxford Book Company
Year of publication 2012
942 ## - ADDED ENTRY ELEMENTS (KOHA)
Koha item type Books
Holdings
Withdrawn status Lost status Damaged status Collection code Home library Current library Shelving location Date acquired Cost, normal purchase price Full call number Accession Number Koha item type
        KAUAET KAUAET General Stacks 31/03/2014 1995.00 631.56 SIN/PO 24602 Books
free website counter